000 01234cam a2200325 a 4500
999 _c129976
_d129976
001 253020
003 ARRUPE
005 20191112110149.0
008 990610s1999 ke b 000 0 eng
010 _a 99889585
020 _a9966938001
040 _aDLC
_cDLC
042 _alcode
043 _af-ke---
050 0 0 _aJQ2947.A58
_bM87 1999
082 0 0 _a320.96762/09/049
_221
100 1 _aMutunga, Willy.
_948524
245 1 0 _aConstitution-making from the middle :
_bcivil society and transition politics in Kenya, 1992-1997 /
_cWilly Mutunga.
260 _aNairobi, Kenya :
_bSAREAT ;
_aHighlands, Harare, Zimbabwe :
_bMWENGO,
_c1999.
300 _axxii, 468 p. ;
_c21 cm.
440 0 _aSeries on constitution making in Kenya
_948525
504 _aIncludes bibliographical references.
610 2 0 _aCitizens' Coalition for Constitutional Change.
_948526
650 0 _aCivil society
_zKenya.
_948527
650 0 _aConstitutional history
_zKenya.
_948528
651 0 _aKenya
_xPolitics and government
_y1978-
_94441
906 _a7
_bcbc
_corigode
_d2
_encip
_f19
_gy-gencatlg
942 _2lcc
_cMONOGRAPH